La venta de la cosa arrendada

Gespeichert in:
Bibliographische Detailangaben
1. Verfasser: Benavente Moreda, Pilar (VerfasserIn)
Format: Buch
Sprache:Spanisch
Veröffentlicht: Madrid Centro de Estudios Registrales 1998
Schriftenreihe:Colección Monografías
Schlagworte:
Tags: Tag hinzufügen
Keine Tags, Fügen Sie den ersten Tag hinzu!

MARC

LEADER 00000nam a2200000 a 4500
001 UCP5376
003 CL-VaPUC
008 990910e19980000SP |||||||||||||||||spa|d
082 0 4 |a 346.072  |b BEN  |2 21 
100 0 |a Benavente Moreda, Pilar  |e author  |9 433735 
245 1 3 |a La venta de la cosa arrendada 
300 |a 254 p 
942 |c BK 
945 |d 19990910 00:00:00  |a vberengu 
260 |a Madrid  |b Centro de Estudios Registrales  |c 1998 
650 0 |a Arrendamiento  |9 257654 
650 7 |a LEGISLACION  |2 CL-VaPUC  |9 433736 
650 0 |a Compraventa  |9 255413 
650 7 |a COMPRAVENTA DE BIENES RAICES  |2 CL-VaPUC  |9 333663 
650 0 |a Derecho español  |9 255291 
650 0 |a Derecho romano  |9 255930 
583 |a last modification  |c 19990910 00:00:00  |k Rodrigo Vera 
490 0 |a Colección Monografías 
999 |c 283139  |d 283137 
952 |0 0  |1 0  |4 0  |6 346_072000000000000_BEN_1998  |7 0  |8 A  |9 325957  |a BIBDER  |b BIBDER  |d 2019-11-20  |i 3546616  |o 346.072 BEN 1998  |p 3546616  |r 2023-01-25  |w 2019-11-20  |y BK  |k DER